00358nam a2200121Ia 4500008004100000082002000041100003000061245003700091260003000128300000800158630001800166650005200184211109s9999||||xx |||||||||||||| ||und|| a894.8121bVEN-T aVennikkulam, Gopala Kurup 0aTheertha Dhara: Malayalam Poetry bD.C BooksaKottayamc1982 a64p xGeneral Stack aMalayalam LiteraturevMalayalam PoetryMalayalam